| 000 | 00603nam a2200205 i 4500 | ||
|---|---|---|---|
| 001 | bg | ||
| 100 | 1 | _aGLAZKOV, A. A. | |
| 245 | 0 |
_aVakumnyje sistemy elektrofiziceskich ustanovok / _cA. A. Glazkov, Im. F. Malysev, G. L. Saksaganskij. |
|
| 260 |
_aMoskva : _bAtomizdat, _c1975. |
||
| 300 |
_as. 191, nlb. 1 : _brys., ilustr., tab. |
||
| 500 | _a[Alf. ros.]. | ||
| 504 | _a[Zawiera bibliogr. s. 182-191]. | ||
| 700 | 1 | _aMALYSEV, Im. F. | |
| 700 | 1 | _aSAKSAGANSKIJ, G. L. | |
| 040 | _cBPK | ||
| 041 | _apol | ||
| 080 | _a621.384:533.5 | ||
| 942 | _cKS | ||
| 008 | s pl f |000 0 pol | ||
| 999 |
_c26848 _d26848 |
||
| 856 |
_uhttp://koha.tu.koszalin.pl/cgi-bin/koha/opac-detail.pl?biblionumber=26848 _yKatalog online BPK |
||